Los que van a morir te saludan Historia de una masacre. Escuela Santa María, Iquique, 1907
में बचाया:
| मुख्य लेखक: | |
|---|---|
| स्वरूप: | पुस्तक |
| भाषा: | स्पेनिश |
| प्रकाशित: |
Santiago, Chile
Documentos
1988
|
| श्रृंखला: | Colección Documentos
|
| विषय: | |
| टैग: |
टैग जोड़ें
कोई टैग नहीं, इस रिकॉर्ड को टैग करने वाले पहले व्यक्ति बनें!
|
MARC
| LEADER | 00000nam a2200000 a 4500 | ||
|---|---|---|---|
| 001 | UCW9163 | ||
| 003 | CL-VaPUC | ||
| 005 | 20210427181934.0 | ||
| 008 | 881213e19880000CL |||||||||||||||||spa|d | ||
| 999 | |c 221197 |d 221195 | ||
| 040 | |c Pontificia Universidad Católica de Valparaíso | ||
| 082 | 0 | 4 | |a 983.063 DEV 1988 |2 21 |
| 100 | |a Devés Valdés, Eduardo |e autor |9 617183 | ||
| 245 | 1 | 4 | |a Los que van a morir te saludan |b Historia de una masacre. Escuela Santa María, Iquique, 1907 |
| 260 | |a Santiago, Chile |b Documentos |c 1988 | ||
| 300 | |a 218 páginas | ||
| 490 | 0 | |a Colección Documentos | |
| 583 | |a last modification |c 19881213 00:00:00 |k Rodrigo Vera | ||
| 650 | 7 | |a Huelgas |2 CL-VaPUC |9 314318 |x Historia de Chile |y 1907 | |
| 650 | 7 | |a Trabajadores |2 CL-VaPUC |9 314319 |x Condiciones sociales |y 1907 |z Chile | |
| 852 | |a BIBCUR | ||
| 942 | |c BK |2 ddc | ||
| 945 | |d 19881213 00:00:00 | ||
| 952 | |0 0 |1 0 |2 ddc |4 0 |6 983_063000000000000_DEV_1988 |7 0 |8 A |9 214263 |a BIBHIS |b BIBHIS |d 2019-11-15 |i 2828944 |o 983.063 DEV 1988 |p 2828944 |r 2025-01-20 |t 1 |w 2019-11-15 |y BK |k HIS | ||